[Event "Marseille op 2nd "]
[Site "Marseille"]
[Date "2009.12.26"]
[Round "2"]
[White "Daumas, Alain"]
[Black "Lucas, Jean Jacques"]
[Result "1-0"]
[WhiteElo "1765"]
[BlackElo "1500"]
[PlyCount "97"]
[EventDate "2009.12.26"]
[EventType "swiss"]
[EventRounds "9"]
[EventCountry "FRA"]
[SourceTitle "CBM 134 Extra"]
[Source "ChessBase"]
[SourceDate "2010.03.03"]
[SourceVersion "1"]
[SourceVersionDate "2010.03.03"]
[SourceQuality "1"]

1. d4 Nf6 2. c4 g6 3. Nc3 Bg7 4. e4 d6 5. Nf3 0-0 6. Be2 Nc6 7. 0-0 e5 8. dxe5 Nxe5 9. Nxe5 dxe5 10. Qxd8 Rxd8 11. Bg5 c6 12. f4 h6 13. Bh4 exf4 14. Bxf6 Bxf6 15. Rxf4 Kg7 16. Raf1 Bd4+ 17. Kh1 Be6 18. h4 Be5 19. R4f3 Rd2 20. Bd1 Rad8 21. Bb3 Bxc3 22. bxc3 c5 23. Kg1 R8d3 24. Kh2 Rxf3 25. Rxf3 a6 26. Kg1 b5 27. cxb5 Bxb3 28. axb3 axb5 29. Kh2 c4 30. bxc4 bxc4 31. Kg1 Rd3 32. Kf2 Rd2+ 33. Kf1 g5 34. hxg5 hxg5 35. g3 Kg6 36. g4 Rd3 37. Rxd3 cxd3 38. Ke1 Kf6 39. Kd2 Ke5 40. Kxd3 Kf4 41. c4 Ke5 42. c5 Ke6 43. Kd4 f6 44. Kc4 Kd7 45. Kd5 Kc7 46. Ke6 Kc6 47. Kxf6 Kxc5 48. Kxg5 Kd6 49. Kf6 1-0

[Event "Marseille op 2nd "]
[Site "Marseille"]
[Date "2009.12.26"]
[Round "1"]
[White "Feller, Sebastien"]
[Black "Daumas, Alain"]
[Result "1-0"]
[WhiteElo "2570"]
[BlackElo "1765"]
[PlyCount "51"]
[EventDate "2009.12.26"]
[EventType "swiss"]
[EventRounds "9"]
[EventCountry "FRA"]
[SourceTitle "CBM 134 Extra"]
[Source "ChessBase"]
[SourceDate "2010.03.03"]
[SourceVersion "1"]
[SourceVersionDate "2010.03.03"]
[SourceQuality "1"]

1. e4 c6 2. d4 d5 3. Nc3 dxe4 4. Nxe4 Bf5 5. Nc5 Qc8 6. Nf3 Nd7 7. Nxd7 Bxd7 8. Bc4 e6 9. Ne5 Nf6 10. Bg5 Be7 11. Qf3 c5 12. d5 b5 13. Bxf6 Bxf6 14. Nxd7 bxc4 15. dxe6 fxe6 16. Nxf6+ gxf6 17. Qxf6 Rf8 18. Qh4 Rb8 19. Qxh7 Rb7 20. Qh5+ Rbf7 21. 0-0 Ke7 22. Rad1 Qc6 23. f3 Qb5 24. Rfe1 Re8 25. b4 Qxb4 26. Rd7+ 1-0

[Event "Pierrevert op"]
[Site "Pierrevert"]
[Date "2004.??.??"]
[Round "?"]
[White "Daumas, Alain"]
[Black "Birens, Eric Andre"]
[Result "0-1"]
[WhiteElo "1610"]
[BlackElo "2119"]
[PlyCount "62"]
[EventDate "2004.??.??"]
[EventType "swiss (rapid)"]
[EventRounds "9"]
[EventCountry "FRA"]
[SourceTitle "EXT 2005"]
[Source "ChessBase"]
[SourceDate "2004.11.15"]
[SourceVersion "1"]
[SourceVersionDate "2004.11.15"]
[SourceQuality "1"]

1. d4 Nf6 2. c4 c5 3. d5 g6 4. Nc3 Bg7 5. Nf3 0-0 6. e4 d6 7. Be2 e6 8. 0-0 exd5 9. exd5 a6 10. Bg5 h6 11. Bd2 Bg4 12. Re1 Bxf3 13. Bxf3 Nbd7 14. Ne4 Ne5 15. Qb3 b5 16. Nxf6+ Qxf6 17. Be2 bxc4 18. Bxc4 Rfb8 19. Qc2 Rxb2 20. Qxb2 Nf3+ 21. gxf3 Qxb2 22. Be3 Qf6 23. f4 Qh4 24. Rab1 g5 25. fxg5 Qxc4 26. gxh6 Qg4+ 27. Kh1 Qf3+ 28. Kg1 Be5 29. Bxc5 Kh7 30. Be3 Rg8+ 31. Kf1 Bxh2 0-1

[Event "Bouches du Rhone-ch 0203"]
[Site "Provence"]
[Date "2003.01.25"]
[Round "5"]
[White "Teboul, Rene"]
[Black "Daumas, Alain"]
[Result "1-0"]
[WhiteElo "1790"]
[BlackElo "1580"]
[PlyCount "87"]
[EventDate "2002.10.??"]
[EventType "swiss"]
[EventRounds "9"]
[EventCountry "FRA"]
[SourceTitle "EXT 2005"]
[Source "ChessBase"]
[SourceDate "2004.11.15"]
[SourceVersion "1"]
[SourceVersionDate "2004.11.15"]
[SourceQuality "1"]

1. c4 Nf6 2. Nc3 c5 3. Nf3 Nc6 4. g3 g6 5. Bg2 Bg7 6. 0-0 0-0 7. d4 cxd4 8. Nxd4 a6 9. e3 Nxd4 10. exd4 d6 11. b3 Rb8 12. Bb2 h5 13. h3 Bd7 14. Re1 Re8 15. Ne2 b5 16. c5 dxc5 17. dxc5 Qc8 18. Rc1 Bc6 19. Bxc6 Qxc6 20. Nd4 Qc7 21. Qe2 e6 22. Nf3 Rbd8 23. Be5 Qc8 24. Qb2 Bh6 25. Bxf6 Bxc1 26. Qxc1 Kh7 27. Bxd8 Qxd8 28. Ng5+ Kg7 29. Rd1 Qc7 30. Ne4 Qa5 31. Qb2+ e5 32. Rd7 Qe1+ 33. Kh2 Qxe4 34. Qd2 Qc6 35. b4 Qe4 36. Rd6 Qb7 37. c6 Qc7 38. Qd5 Qe7 39. Rd7 Qf6 40. Kg1 e4 41. c7 e3 42. fxe3 Rxe3 43. Rxf7+ Qxf7 44. Qxf7+ 1-0